| 000 | 00744nam2a2200229 4500 | ||
|---|---|---|---|
| 001 | RU\NLR\BIBL_A\011682855 | ||
| 005 | 20250626110805.0 | ||
| 010 | _94000 | ||
| 035 | _a(NLR Aleph) 011682855 | ||
| 090 |
_a13416426 _c13416426 |
||
| 100 | _a20180416d1947 |||y0rusy50 ca | ||
| 101 | 0 | _achv | |
| 102 | _aRU | ||
| 105 | _ay z 000 y | ||
| 200 | 0 |
_aКн. 29 _f[отв. ред.:Я. Т. Ухсай] |
|
| 210 |
_d1947 _aБ. м. |
||
| 215 | _a94,[2] c. | ||
| 461 | 0 |
_1001RU\NLR\BIBL_A\011682743 _12001#$aТӑван Атал$eчӑваш Совет писателӗн Союзӗ кӑларакан альманах$f[А. А. Эсхель (отв. ред.)]$vКн. 29 |
|
| 852 |
_aNLR _bОНЛ _jЧув./3-553 |
||
| 942 | _cBOOK | ||
| 980 | _aNB | ||